Statistics for Countries That Contain The Lettter O

Click here to take the quiz!

General Stats

  • This quiz has been taken 58 times
  • The average score is 51 of 66

Answer Stats

Answer% Correct
45Oman
89%
46Poland
89%
54Slovakia
89%
66United States of America
89%
11Colombia
87%
13Congo
87%
34Mexico
87%
39Montenegro
87%
40Morocco
87%
48Romania
87%
60South Sudan
87%
37Monaco
85%
64Trinidad and Tobago
85%
23Estonia
83%
41Mozambique
83%
43North Macedonia
83%
55Slovenia
83%
59South Korea
83%
4Bolivia
81%
14Costa rica
81%
15Croatia
81%
17Djibouti
81%
35F.S. Micronesia
81%
44Norway
81%
47Portugal
81%
50San Marino
81%
62Togo
81%
65United Kingdom
81%
3Barbados
79%
5Bosnia and Herzegovina
79%
36Moldova
79%
38Mongolia
79%
58South Africa
79%
1Andorra
77%
2Angola
77%
9Cambodia
77%
19Dominican Republic
77%
20Ecuador
77%
26Georgia
77%
30Laos
77%
31Lebanon
77%
49Samoa
77%
52Sierra Leone
77%
24Ethiopia
74%
27Honduras
74%
28Indonesia
74%
32Lesotho
74%
63Tonga
74%
6Botswana
72%
12Comoros
72%
21El Salvador
72%
29Jordan
72%
42North Korea
72%
57Somalia
72%
7Burkina Faso
70%
10Cameroon
70%
33Luxembourg
70%
53Singapore
70%
16Democratic Republic of Congo
68%
51Sao Tome and Principe
68%
56Solomon Islands
68%
18Dominica
66%
25Gabon
66%
61East Timor
64%
22Equatorial Guinea
64%
8Ivory Coast
64%

Score Distribution

Percentile by Number Answered

Percent of People with Each Score

Your Score History

You have not taken this quiz